| 000 | 00554nam a2200217Ia 4500 | ||
|---|---|---|---|
| 005 | 20250505124917.0 | ||
| 008 | 008 250505s9999 xx 000 0 eng d | ||
| 037 | _aReference | ||
| 040 |
_aLCO _beng _cLCO |
||
| 041 |
_aeng _2eng |
||
| 084 |
_aX81:(Z) R2 _qLCO |
||
| 100 | _aMalik | ||
| 245 | 0 |
_aSupreme court on insurance _cMalik |
|
| 250 | _a2nd | ||
| 260 |
_aLucknow, India _bEastern Book Company _c2022 |
||
| 300 | _a630 | ||
| 365 |
_aINR _b1295 |
||
| 650 | _aLaw | ||
| 942 |
_cREF _hX81:(Z) R2 |
||
| 999 |
_c1310625 _d1310625 |
||